| 000 | 00501nam a2200205Ia 4500 | ||
|---|---|---|---|
| 005 | 20260617145951.0 | ||
| 008 | 131103s9999 xx 000 0 und d | ||
| 020 | _a914544411 | ||
| 040 | _aLoreto College | ||
| 041 | _aEnglish | ||
| 082 |
_a211 _bHAY |
||
| 100 | _aHayes, Bernard | ||
| 245 |
_aWho is this god you pary to? _cBernard Hayes |
||
| 260 |
_aU.S.A _bLiving flame press _c1982 |
||
| 300 | _a96p. | ||
| 650 | _aConcept God | ||
| 651 | _aChristanity | ||
| 850 | _aLCLIB | ||
| 942 | _cBK | ||
| 999 |
_c25661 _d76140 |
||